00938nam a2200229Ia 4500008004100000020001800041041000800059082002400067100003200091245004200123250001200165260003900177300000900216440001000225500002400235650003000259700005100289906000800340999001700348952018100365952016200546230125s9999 xx 000 0 und d a81-314-1205-3 aeng a658.312 44bCHA/MUK aChaudhuri S R , Ed.9108926 aDelegation and Empowerment for Growth a1st Ed. c2007bICFAI publicationaHyderabad a226p aICFAI aEmpowerment;HRM Gen aHuman Resource Management aChaudhuri S R , Ed. & Mukherjee I, Ed.9108927 b206 c85655d85655 00104070aHIMRbHIMRd2010-12-28eWord Book Shopg412.00iWORDI/2010/CRB/1201l0o658.312 44 CHA/MUK B09470pHIMR-BK-9470r2023-01-25 00:00:00v206.00w2010-11-18yBKzB09470 00104070aHIMRbHIMRd2013-03-30eBook Worldg425.00i918l0o658.312 44 CHA/MUK B11986pHIMR-BK-11986r2023-01-25 00:00:00v425.00w2013-01-04yBKzB11986